000 01270nam a2200301 i 4500
001 135389
003 SpMaBN
005 20250730063130.0
008 980722s1997 sp bgp |||| | spa d
017 _aPO 14-1998
020 _a84-87819-99-0
080 _a821.134.4-192(082.2)
080 _a398.8(460.11)(082.2)
245 0 0 _aPoesía popular gallega :
_bcolección de romances, baladas y canciones recogidos de la tradición oral /
_cVíctor Said Armesto ; con introducción y notas críticas del autor ; [prólogo por Domingo García Sabell].
260 _a[Pontevedra] :
_bFundación Pedro Barrié de la Maza,
_c1997
300 _a354 páginas, [1] hoja de mapa :
_bmúsica ;
_c24 cm
546 _aTextos en castellano y gallego.
650 7 _aPoesías populares-
_zGalicia.
_9166233
650 7 _aRomances-
_zGalicia.
_9166234
655 7 _aPoesías
_2tgfbne
_9176539
700 1 _aSaid Armesto, Víctor,
_d1871-1914
_9101488
_epbl
700 1 _aGarcía-Sabell, Domingo,
_d1909-2003
_eaui
_955245
710 2 _aFundación Pedro Barrié de la Maza, Conde de Fenosa
_eedt
_9176439
852 _aES-MaACL
_bR.151655
_cDEPO1
_dOlim: N-7328
_jA-14328
_9140290
942 _2udc
_cMONOGRAFIA
_n0
999 _c135389
_d135389